| 000 | 00713nam a2200253Ia 4500 | ||
|---|---|---|---|
| 008 | 171025s9999 xx 000 0 und d | ||
| 020 | _a9780806627922 | ||
| 050 | _a745.59 | ||
| 050 | _bOn58 1995 | ||
| 100 | _aO'Neil, Debbie Trafton | ||
| 245 | _a101 things to do for Christmas / | ||
| 245 | _cby Debbie Trafton O'Neal ; illustrated by Louise Comfort. | ||
| 260 | _aMinneapolis : | ||
| 260 | _bAugsburg, | ||
| 260 | _c1995 | ||
| 300 | _a63 pages : | ||
| 300 | _bchiefly colored ; | ||
| 300 | _c27cm. | ||
| 650 | _aChristmas cards. | ||
| 650 | _aChristmas cookery. | ||
| 650 | _aChristmas decorations. | ||
| 700 | _aTitle : One hundred and one things to do for Christmas. | ||
| 700 | _aTitle. | ||
| 999 |
_c344917 _d344917 |
||